[Event "Elitserien Allsvenskan 2019-20"]
[Site "Lund"]
[Date "2020.02.02"]
[Round "4.1"]
[White "Heberla, Bartlomiej"]
[Black "Hillarp Persson, Tiger"]
[Result "1/2-1/2"]
[WhiteElo "2564"]
[BlackElo "2546"]
[Annotator "TA"]
[PlyCount "35"]
[EventDate "2019.10.18"]
[EventType "team-tourn"]
[EventCountry "SWE"]
[SourceTitle "playchess.com"]
[Source "ChessBase"]
[SourceQuality "1"]

{[%evp 19,35,0,6,0,6,0,13,0,10,13,2,0,10,0,0,0,0,-14]} 1. e4 c5 2. Nf3 d6 3. d4 cxd4 4. Nxd4 Nf6 5. Nc3 a6 6. Be2 e5 7. Nf3 Be7 8. Bg5 Be6 9. Bxf6 Bxf6 10. O-O O-O {The position is equal.} 11. Nd5 {B92: Sicilian Najdorf: 6 Be2} Nd7 12. Bc4 Rc8 13. Qe2 Nb6 14. Nxb6 Qxb6 15. Bb3 {[#]} Qc5 $146 ({Predecessor:} 15... Qc6 16. c3 d5 17. exd5 Bxd5 18. Bxd5 Qxd5 19. Rfd1 Qc6 20. Rd2 Rfe8 21. Rad1 Qa4 {½-½ (31) Hovhannisyan,R (2630)-Firouzja,A (2669) Reykjavik 2019}) 16. Rfd1 Bc4 17. Bxc4 Qxc4 18. Rd2 1/2-1/2

[Event "Elitserien Allsvenskan 2019-20"]
[Site "Lund"]
[Date "2020.02.02"]
[Round "4.2"]
[White "Tikkanen, Hans"]
[Black "Gdanski, Jacek"]
[Result "1/2-1/2"]
[WhiteElo "2503"]
[BlackElo "2482"]
[Annotator "TA"]
[PlyCount "52"]
[EventDate "2019.10.18"]
[EventType "team-tourn"]
[EventCountry "SWE"]
[SourceTitle "playchess.com"]
[Source "ChessBase"]
[SourceQuality "1"]

{[%evp 17,52,22,42,14,27,7,10,7,1,0,33,23,29,27,40,15,10,15,35,29,32,27,30,22,21,0,0,0,0,14,8,0,0,0,11,0,0]} 1. d4 Nf6 2. c4 c5 3. d5 d6 4. Nc3 g6 5. e4 Bg7 6. Nge2 O-O 7. Ng3 e6 8. Be2 exd5 9. exd5 a6 10. a4 {E70: King's Indian: Miscellaneous lines with 4 e4, including 5 Nge2 and 5 Bd3 0-0 6 Nge2} Nbd7 11. O-O Ne8 12. Be3 f5 {[#] ...f4 is the strong threat.} 13. Qd2 Qf6 {[#] Strongly threatening ...f4.} 14. Bf4 $146 ({Predecessor:} 14. Bg5 Qf7 15. Bh6 f4 16. Bxg7 Qxg7 {1-0 (33) Hermansson,T (1975)-Hansson,D (2280) Reykjavik 1988}) 14... b6 15. Rfe1 Qf7 16. h3 Ne5 17. Nf1 Nc7 18. Nh2 Bd7 19. Nf3 Rfe8 20. Nxe5 Bxe5 {The position is equal.} 21. Bf1 Bxf4 22. Qxf4 Rxe1 23. Rxe1 Re8 24. Re3 Rxe3 25. Qxe3 Qf6 26. f4 Kf7 {Accuracy: White = 87%, Black = 94%.} 1/2-1/2

[Event "Elitserien Allsvenskan 2019-20"]
[Site "Lund"]
[Date "2020.02.02"]
[Round "4.3"]
[White "Ornstein, Axel"]
[Black "Kulaots, Kaido"]
[Result "0-1"]
[WhiteElo "2284"]
[BlackElo "2510"]
[Annotator "TA"]
[PlyCount "82"]
[EventDate "2019.10.18"]
[EventType "team-tourn"]
[EventCountry "SWE"]
[SourceTitle "playchess.com"]
[Source "ChessBase"]
[SourceQuality "1"]

{[%evp 17,82,23,25,0,0,-31,-34,-56,-54,-53,-26,-43,-44,-47,-53,-46,-54,-50,-35,-48,-60,-58,-13,-18,-16,-17,-18,-17,-18,-16,-12,-47,0,-21,-28,-20,-16,-52,-50,-41,-45,-89,-58,-71,-62,-62,-60,-62,-62,-74,-66,-66,-60,-173,-173,-175,-188,-222,-226,-313,-306,-299,-263,-336,-336,-435,-435]} 1. d4 Nf6 2. c4 g6 3. g3 Bg7 4. Bg2 O-O 5. Nc3 d6 6. Nf3 c6 7. O-O Bf5 8. Re1 Ne4 9. Nxe4 Bxe4 {[#]} 10. Qb3 $146 {E62: King's Indian: Fianchetto: 6...c6 and Panno Variation (6...Nc6) without ...a6} ({Predecessor:} 10. Bh3 d5 11. Ng5 Na6 12. a3 e6 13. b4 Bf5 14. Bxf5 exf5 15. c5 Nc7 16. Bf4 Nb5 17. Nf3 Nc3 {½-½ (62) Georgiadis,N (2473)-Caruana,F (2813) Germany 2016}) 10... Qb6 11. Be3 c5 12. Rad1 {Black is slightly better.} Qxb3 13. axb3 Na6 14. Rd2 b6 15. Ra1 Nb4 16. Ne1 Bxg2 17. Kxg2 Rfb8 18. Nd3 Nxd3 19. Rxd3 Kf8 20. Ra6 cxd4 21. Bxd4 Bxd4 22. Rxd4 $11 {[%mdl 4096] Endgame KRR-KRR} b5 23. Rd2 Rb7 24. e3 h5 25. Kf3 Rc8 26. Rc2 Rc5 27. e4 bxc4 28. bxc4 Rb3+ 29. Kg2 Rc7 30. Ra4 f6 31. h4 Kf7 32. f3 Rcb7 33. Ra2 Ke6 34. Kf2 Rd3 35. Ra3 {[#]} (35. Kg2 $15) 35... Rxb2 $1 $19 {[%mdl 576] Remove Defender} 36. Rxb2 Rxa3 {KR-KR} 37. Rb7 a5 {[%cal Ba7a5,Ba5a4,Ba4a3][%mdl 32]} 38. Ra7 Ra2+ 39. Ke3 a4 40. f4 a3 41. Kf3 Ra1 {Accuracy: White = 59%, Black = 86%.} 0-1

[Event "Elitserien Allsvenskan 2019-20"]
[Site "Lund"]
[Date "2020.02.02"]
[Round "4.4"]
[White "Smith, Axel"]
[Black "Lukez, Franko"]
[Result "1/2-1/2"]
[WhiteElo "2469"]
[BlackElo "2324"]
[Annotator "TA"]
[PlyCount "66"]
[EventDate "2019.10.18"]
[EventType "team-tourn"]
[EventCountry "SWE"]
[SourceTitle "playchess.com"]
[Source "ChessBase"]
[SourceQuality "1"]

{[%evp 20,66,44,25,31,35,20,42,35,28,40,15,18,23,52,43,25,20,63,47,80,83,87,39,87,8,5,-20,-23,-23,-18,-45,-39,-66,0,0,22,-28,-26,-23,-26,-22,-22,-34,-15,-34,-34,-34,-34]} 1. Nf3 Nf6 2. c4 g6 3. g3 Bg7 4. Bg2 O-O 5. O-O c5 6. d4 d6 7. Nc3 Nc6 {[%cal Bb8c6,Bc6d4,Bd4c2][%mdl 32]} 8. dxc5 dxc5 9. Be3 Be6 10. Qa4 Nd4 11. Rad1 {[%cal Rf3d4]} Bd7 {E65: King's Indian: Fianchetto: 6...c5 7 0-0 without d5 by White} 12. Qa3 Nc2 $1 {[%cal Rc2a3]} 13. Qxc5 b6 $1 {[%cal Rb6c5] White is slightly better.} 14. Qg5 h6 $1 {[%cal Rh6g5]} 15. Qf4 {Hoping for Ne5.} g5 $1 {[%cal Rg5f4]} 16. Qe5 Ng4 17. Qe4 Ncxe3 18. fxe3 {[#] aiming for Qb7.} Bxc3 $146 ({Predecessor:} 18... Nf6 19. Qd3 Qc7 20. Nd4 Rad8 21. Nd5 Qe5 22. b3 e6 23. Nf3 Qb8 24. Nxf6+ Bxf6 {½-½ (37) Dragun,K (2461)-Baryshpolets,A (2502) Krakow 2012}) 19. bxc3 {Threatens to win with Qb7.} Nf6 20. Qd4 {Nxg5! is the strong threat.} Ba4 21. Rd2 Rc8 22. c5 (22. Ne5 $16) 22... Qxd4 23. Rxd4 (23. exd4 {feels hotter.} bxc5 24. Ne5 Kg7 25. Rb1 cxd4 26. cxd4 Rc7 27. Rdb2) 23... Bb5 $36 {[%mdl 2048] White is under pressure.} 24. cxb6 axb6 25. Rb4 Bxe2 26. Re1 Bc4 (26... Bxf3 $15 27. Bxf3 Rxc3) 27. Nd4 $11 Bxa2 28. Nf5 Rxc3 29. Nxe7+ Kh7 30. Rxb6 Be6 31. e4 Rd8 32. Nd5 Bxd5 33. Rxf6 Be6 {Accuracy: White = 64%, Black = 78%.} 1/2-1/2

[Event "Elitserien Allsvenskan 2019-20"]
[Site "Lund"]
[Date "2020.02.02"]
[Round "4.5"]
[White "Gajic, Mladen"]
[Black "Antonsen, Mikkel"]
[Result "1-0"]
[WhiteElo "2295"]
[BlackElo "2384"]
[Annotator "TA"]
[PlyCount "107"]
[EventDate "2019.10.18"]
[EventType "team-tourn"]
[EventCountry "SWE"]
[SourceTitle "playchess.com"]
[Source "ChessBase"]
[SourceQuality "1"]

{[%evp 9,107,-10,-13,-40,-46,-54,-59,-66,-103,-61,-58,-65,-52,-64,-64,-187,-56,-56,-50,-85,-47,-56,-54,-56,-59,-49,-61,-73,-65,-106,-25,-47,-50,-42,-56,-75,14,7,50,40,50,44,80,0,0,0,0,0,14,7,104,108,125,70,93,25,50,0,121,124,130,0,145,146,150,146,145,137,146,140,126,142,136,63,52,38,39,39,39,31,34,47,64,0,674,679,679,679,669,670,499,567,657,642,624,624,579,525,29972,29973]} 1. d4 Nf6 2. Bg5 d5 3. Bxf6 gxf6 4. c4 e5 5. cxd5 Qxd5 {[#]} 6. Nc3 $146 {D00: 1 d4 d5: Unusual lines} ({Predecessor:} 6. e3 Bb4+ 7. Nc3 c5 8. Qa4+ Nc6 9. Qxb4 Nxb4 10. Nxd5 Nxd5 11. dxc5 Be6 12. Rc1 {1-0 (59) Neiman,E (2305)-Marchand,F (2305) France 1998}) 6... Qxd4 7. Qxd4 exd4 8. Nb5 {Black is slightly better.} Bb4+ 9. Kd1 Na6 10. Nxd4 O-O 11. Ngf3 Rd8 12. Kc1 (12. a3 $15 c5 {[%mdl 64] Pin} 13. axb4 cxd4 14. Kd2) 12... Bf8 ({Better is} 12... Nc5 $1 $19 13. a3 Be1 $1 {[%mdl 576] Deflection} 14. Nxe1 Rxd4) 13. e3 $15 Nc5 $1 {And now ...Ne4 would win.} 14. Be2 a5 {[%cal Ba7a5,Ba5a4,Ba4a3][%mdl 32]} 15. Rf1 a4 16. Kc2 a3 17. b3 Na6 18. Bxa6 $1 Rxa6 19. Rad1 Ra5 (19... c5 $17 20. Ne2 Bf5+ 21. Kc3 Rad6 22. Rxd6 Bxd6) 20. Nh4 Rc5+ 21. Kb1 Rcd5 22. Kc1 b6 (22... Bb4 $1 $17) 23. Nc2 $1 $11 Ba6 24. Rxd5 Rxd5 25. Rd1 Bd3 26. Ne1 (26. g3 $16) 26... Rc5+ 27. Kd2 Ba6 28. Nd3 Rh5 29. g3 c5 (29... Rd5 $11 30. Kc2 f5) 30. Nf4 $36 {[%mdl 2048] Black is under strong pressure.} Re5 31. Kc3 (31. Kc2 $16) 31... b5 32. Rd8 ({White should try} 32. Nf3 $16) 32... Bb7 33. Nd3 Rd5 (33... b4+ $1 $11 {remains equal.} 34. Kc2 Rd5) 34. Rb8 b4+ 35. Kc2 ({White has to play} 35. Kc4 $16 Bc6 36. Rb6) 35... Bc6 (35... c4 $1 $11 {keeps the balance.} 36. bxc4 (36. Rxb7 cxd3+ 37. Kd2 Rc5 $11) 36... Rxd3 37. Rxb7 (37. Kxd3 $2 {perishes.} b3 $19) 37... Rc3+ 38. Kb1 Rd3) 36. e4 Rd4 37. f3 {Hoping for Nxc5.} c4 38. Nxb4 cxb3+ 39. Kxb3 Bd7 40. Nd5 $1 {[%cal Rd5e7] Threatens to win with Ne7+.} Kg7 {[#]} 41. Kc3 ({White should play} 41. Kc2 $1 $16) 41... Rd1 $1 $14 42. Ne3 Rc1+ $1 43. Kd3 Ra1 44. Nef5+ Bxf5 45. Nxf5+ {[%mdl 4096] Endgame KRB-KRN} Kg8 46. h4 (46. g4 $1 $14) 46... Rxa2 $2 {[%mdl 8192] [#]} (46... h5 $11) 47. h5 $1 $18 {[%cal Rh5h6] h6 would kill now.} h6 48. Nxh6+ $1 Kh7 49. Rxf8 Kxh6 50. Rxf7 Kg5 {[#] Now ...Ra1 and Black clings on.} 51. h6 $1 {aiming for h7.} Rh2 (51... Kxh6 52. Rxf6+) 52. h7 {White threatens Rg7+ and mate.} Kg6 53. Ra7 Rxh7 54. Rxh7 {Accuracy: White = 70%, Black = 61%.} 1-0

[Event "Elitserien Allsvenskan 2019-20"]
[Site "Lund"]
[Date "2020.02.02"]
[Round "4.6"]
[White "Ahlander, Bjorn"]
[Black "Vernersson, Per"]
[Result "0-1"]
[WhiteElo "2418"]
[BlackElo "2264"]
[Annotator "TA"]
[PlyCount "124"]
[EventDate "2019.10.18"]
[EventType "team-tourn"]
[EventCountry "SWE"]
[SourceTitle "playchess.com"]
[Source "ChessBase"]
[SourceQuality "1"]

{[%evp 21,124,19,29,0,0,12,6,-8,0,0,0,0,0,0,0,0,-8,-11,0,0,0,-6,-6,0,-1,0,0,0,0,0,12,0,0,0,161,-48,29,0,0,0,0,0,88,0,51,50,54,0,0,0,0,0,0,-25,0,0,0,0,7,-97,-83,-122,-52,-422,-215,-200,-183,-175,-145,-151,-149,-2351,-2368,-2368,-2101,-1974,-1974,-2488,-2307,-2447,-2442,-2020,-2310,-2152,-2150,-2124,-2006,-2006,-1356,-1208,-1477,-2048,-754,-29976,-29977,-29982,-29983,-29983,-29984,-29984,-29985,-29985,-29986,-29986,-29987]} 1. d4 d5 2. c4 e6 3. Nc3 Be7 4. Nf3 Nf6 5. g3 O-O 6. Bg2 dxc4 7. Ne5 Nc6 8. Bxc6 bxc6 9. Nxc6 Qe8 10. Nxe7+ Qxe7 11. Qa4 c5 12. dxc5 {E06: Closed Catalan: Early deviations} Qxc5 13. Be3 Qc7 14. O-O-O {The position is equal.} Bb7 15. f3 Nd5 16. Bd4 a5 {[#]} 17. Nxd5 $146 ({Predecessor:} 17. Rd2 Nb4 18. Qb5 Nd5 19. e4 Nb4 20. Bxg7 Kxg7 21. Rd7 Nd3+ 22. Kc2 Qc5 23. Rxb7 {½-½ (27) Ilic,Z (2307)-Markovic,Z (2346) Kragujevac 2018}) 17... exd5 18. Qc2 Rfe8 19. Qc3 f6 20. e3 a4 21. a3 Bc6 22. g4 Rab8 23. g5 Rb3 24. Qc2 fxg5 25. Rhg1 Rbxe3 26. Rxg5 Re2 {[%mdl 64] Double Attack} 27. Qf5 R8e7 $2 (27... Rf8 $11 {and Black has nothing to worry.} 28. Qg4 Re7) 28. h4 $2 (28. Rh5 $1 $18 h6 29. Rxh6 $1 {[%mdl 512]}) 28... Qd7 (28... Rf7 $15 29. Qg4 Ree7) 29. Qf4 Rf7 30. Qg3 Ree7 31. h5 c3 (31... Qc7 $11) 32. Bxc3 (32. h6 $1 $16 cxb2+ 33. Kxb2) 32... Qe6 (32... h6 $11 33. Rg6 Re6) 33. Re1 $14 Qd7 34. Bd4 (34. Rxe7 $14 Rxe7 35. h6) 34... Rxe1+ $11 35. Qxe1 Bb5 36. Kb1 h6 37. Rg3 Bd3+ 38. Ka1 Qc7 39. Rg1 Qf4 40. Qc3 (40. Bxg7 $11 {keeps the balance.} Rxg7 41. Rxg7+ Kxg7 42. Qc3+ {[%mdl 64] Double Attack} Kf8 43. Qxd3) 40... Qxf3 $17 41. b3 {[%cal Rd4g7]} ({Don't blunder} 41. Bxg7 $2 Qf1+ $3 {[%mdl 512]} 42. Qe1 (42. Rxf1 $2 Rxf1+ 43. Ka2 Bb1+ 44. Ka1 Bc2+ 45. Ka2 Bb3+ {[%mdl 64] Overworked Piece} 46. Qxb3 axb3+ 47. Kxb3 Kxg7 $19) 42... Qxe1+ 43. Rxe1 Kxg7 $19) 41... Qe2 (41... Qh3 $17 {Hoping for ...Rf1+.} 42. Kb2 axb3 43. Qxb3 Qh2+ 44. Ka1 Be4) 42. Rc1 $2 {[%mdl 8192]} ({Better is} 42. Qc8+ $1 $15 Kh7 43. Qf8 Rf1+ 44. Rxf1 Qxf1+ 45. Qxf1 Bxf1 46. bxa4) 42... axb3 (42... Rf1 $142 {( -> ...axb3)} 43. Qc8+ {[#]} Kh7 $1 {[%mdl 512]}) 43. Qxb3 $19 Bc4 44. Qb8+ Rf8 {[%csl Gc4][%cal Re2a2]} 45. Qb2 Rf1 $40 {[%mdl 128] Black attacks with force.} 46. Qxe2 $4 {[%mdl 8192]} (46. Rxf1 $17 Qxf1+ 47. Qb1) 46... Rxc1+ ({Weaker is} 46... Bxe2 47. Rxf1 Bxf1 48. a4 $15) 47. Kb2 Bxe2 48. Kxc1 Bxh5 {[%mdl 4096] Endgame KB-KB} 49. Kd2 Be8 50. Ke3 g5 51. Bc5 Kf7 52. Kd4 Ke6 53. Bb4 Bb5 54. Bd2 Bc4 55. a4 Kf5 56. a5 h5 (56... Kg4 $142 57. Bc1 h5) 57. a6 Bxa6 {Black mates.} 58. Kxd5 h4 59. Bb4 Kf4 60. Kd4 h3 61. Bd6+ Kf3 62. Kc3 g4 {Accuracy: White = 61%, Black = 80%.} 0-1

[Event "Elitserien Allsvenskan 2019-20"]
[Site "Lund"]
[Date "2020.02.02"]
[Round "4.7"]
[White "Rothen, Hakan"]
[Black "Mauritsson, Sebastian"]
[Result "0-1"]
[WhiteElo "2252"]
[BlackElo "2362"]
[Annotator "TA"]
[PlyCount "60"]
[EventDate "2019.10.18"]
[EventType "team-tourn"]
[EventCountry "SWE"]
[SourceTitle "playchess.com"]
[Source "ChessBase"]
[SourceQuality "1"]

{[%evp 11,88,13,20,0,0,0,0,-5,0,0,0,0,0,-2,0,0,0,-14,-23,-20,-20,-61,-70,-70,-43,-64,-36,-38,-52,-53,-77,-77,-65,-65,-4,-40,-46,-62,-26,-104,-87,-99,-80,-93,-85,-93,-95,-95,-77,-106,-108,-106,-106,-106,-70,-73,0,-95,-90,-87,-81,-82,-66,-77,-66,-79,-85,-187,-190,-168,-89,-830,-808,-29987,-29988,-29990,-29991,-29993,-29994]} 1. d4 d5 2. Nf3 Nf6 3. Bf4 c5 4. e3 Nc6 5. c3 cxd4 6. exd4 Bf5 7. Bd3 {B13: Caro-Kann: Exchange Variation and Panov-Botvinnik Attack.} Bxd3 8. Qxd3 e6 9. Nbd2 {The position is equal.} Bd6 10. Bxd6 Qxd6 11. O-O O-O 12. Rae1 Nd7 13. Ng5 {[%csl Gg5][%cal Rd3h7] [#]} Nf6 14. f4 (14. Ngf3 {with more complications.}) 14... Ne7 15. g3 {[#]} Qb6 $146 ({Predecessor:} 15... Nf5 16. Ngf3 Qb6 17. b3 a5 18. Ne5 Rfe8 {1-0 (43) Mazziotti Irigoyen,G (2311)-Sanz,P (2064) Villa Ballester 2006}) 16. b3 Rac8 17. Ngf3 Rc7 18. Ne5 Rfc8 19. c4 dxc4 20. Ndxc4 Qa6 $1 21. a4 Rd8 22. g4 Nc6 (22... Ne8 $15) 23. Nxc6 (23. g5 $5 {[%cal Rg5f6]} Rxd4 24. Qg3 $11) 23... Qxc6 24. g5 Nd5 (24... Nd7 $5 {[%cal Rd7c5]} 25. Rc1 Nb6 $15) 25. Rd1 (25. f5 $11 {keeps the balance.}) 25... Ne7 $17 26. Rfe1 Ng6 27. Ne5 Qc3 28. Nxg6 hxg6 29. Re3 Qc6 30. Qd2 b5 {Played: Qc6-d5} 0-1

[Event "Elitserien Allsvenskan 2019-20"]
[Site "Lund"]
[Date "2020.02.02"]
[Round "4.8"]
[White "Kucuksari, Kaan"]
[Black "Malesevic, Nedeljko"]
[Result "1-0"]
[WhiteElo "2308"]
[BlackElo "2257"]
[Annotator "TA"]
[PlyCount "69"]
[EventDate "2019.10.18"]
[EventType "team-tourn"]
[EventCountry "SWE"]
[SourceTitle "playchess.com"]
[Source "ChessBase"]
[SourceQuality "1"]

{[%evp 11,69,13,27,8,44,15,6,10,15,0,0,0,0,0,0,0,0,0,24,14,24,-37,-15,-36,55,35,35,29,47,37,79,72,79,73,159,97,187,168,180,91,105,95,112,83,213,211,208,204,201,196,736,736,736,735,905,905,905,905,852,492]} 1. d4 d5 2. Nf3 Nf6 3. c4 e6 4. g3 Be7 5. Bg2 O-O 6. O-O Ne4 7. Nfd2 {E06: Closed Catalan: Early deviations} Nxd2 {[#]} (7... f5 {is interesting.} 8. Nc3 Nc6 9. Nf3 Bf6 10. Be3 Na5) 8. Bxd2 $146 (8. Nxd2 {looks sharper.} a5 9. b3 a4 10. Bb2 a3 11. Bc3) ({Predecessor:} 8. Nxd2 Nc6 9. Nf3 Bf6 10. Be3 dxc4 11. Rc1 e5 12. dxe5 Nxe5 13. Nxe5 Bxe5 14. Rxc4 a5 {1-0 (34) Mueller,R (2262)-Link,U (2215) Germany 2009}) 8... dxc4 9. Bc3 {The position is equal.} Nd7 {[%cal Bb8d7,Bd7b6,Bb6d5][%mdl 32]} 10. a4 Nb6 11. a5 Nd5 12. Nd2 b5 {Threatens to win with ...b4.} 13. axb6 $1 cxb6 14. Nxc4 Bb7 15. Qd3 a5 16. Ne3 (16. Bd2 $11) 16... Ba6 $15 17. Qd2 Ra7 (17... Nxc3 $15 18. bxc3 Rc8) 18. Nxd5 exd5 19. b4 {[%cal Rb4a5]} Bc4 20. bxa5 b5 21. Rfb1 f5 22. e3 g5 ({Black should try} 22... Qd7) 23. Bb4 ({Better is} 23. Bf1) 23... f4 (23... Bxb4 $16 24. Qxb4 Qc7) 24. exf4 (24. gxf4 $6 gxf4 25. Bc5 (25. exf4 Bxb4 26. Qxb4 Rxf4 $16) 25... fxe3 $16) 24... gxf4 25. Ra3 (25. Bc5 $18 Bxc5 26. dxc5) 25... Bxb4 $16 26. Qxb4 ({Much worse is} 26. Rxb4 $6 Rxa5 27. Rxa5 Qxa5 $11) 26... Kh8 27. Re1 Raf7 ({Don't play} 27... fxg3 28. hxg3 Raf7 29. f4 $16) (27... Rf6 $16) 28. a6 $18 {[%cal Ba5a6,Ba6a7][%mdl 32] Black must now prevent a7.} Qf6 29. Bf3 fxg3 30. hxg3 Qxd4 $2 {[#]} (30... h6 31. a7 Ra8) 31. a7 $1 {[%cal Ra7a8][%mdl 512] White is clearly winning.} Ra8 (31... Rxa7 32. Qxf8#) 32. Re7 ({Not} 32. Rd1 Qf6 $16) 32... Qf6 33. Rxf7 Qxf7 34. Qd6 Qf8 35. Qxf8+ {Accuracy: White = 79%, Black = 55%.} 1-0

[Event "Elitserien Allsvenskan 2019-20"]
[Site "Lund"]
[Date "2020.02.02"]
[Round "4.9"]
[White "Solodovnichenko, Yuri"]
[Black "Brynell, Stellan"]
[Result "1/2-1/2"]
[WhiteElo "2574"]
[BlackElo "2409"]
[Annotator "TA"]
[PlyCount "72"]
[EventDate "2019.10.18"]
[EventType "team-tourn"]
[EventCountry "SWE"]
[SourceTitle "playchess.com"]
[Source "ChessBase"]
[SourceQuality "1"]

{[%evp 17,72,48,49,52,48,4,12,9,35,28,18,9,23,0,0,-16,63,48,75,72,62,50,72,57,37,29,52,33,50,0,0,-123,-129,-107,-126,-121,-121,-125,-127,-104,-20,-37,0,-99,0,-52,0,0,0,0,0,0,0,0,0,0,0]} 1. e4 e5 2. Nf3 d6 3. d4 exd4 4. Nxd4 Nf6 5. Nc3 Be7 6. Bf4 O-O 7. Qd2 Nc6 8. O-O-O Nxd4 9. Qxd4 Be6 10. Kb1 {C41: Philidor Defence} a6 11. Qd2 b5 12. f3 c6 13. Bxd6 Bxd6 14. Qxd6 Qa5 $1 {Hoping for ...b4.} 15. a3 {[#]} Rfd8 $146 ({Predecessor:} 15... Rab8 16. Qb4 Qb6 17. Qd4 Qa5 18. Qc5 Nd7 19. Qb4 Qb6 20. Rd6 Qc7 21. Qd4 c5 {1-0 (32) Aroshidze,L (2539)-Zude,E (2381) Barcelona 2014}) 16. Qb4 (16. Qxc6 $2 Rxd1+ 17. Nxd1 Rc8 $19) 16... Qc7 (16... Qb6 $1 $11 17. Be2 a5) 17. Qc5 (17. Rxd8+ {is more complex.} Rxd8 18. Qc5 Nd7 19. Qe7 Qb8 20. Be2) 17... Rxd1+ 18. Nxd1 Nd7 19. Qe3 a5 {[%cal Ba6a5,Ba5b4,Bb4b3][%mdl 32]} 20. Be2 b4 21. Nf2 Rb8 22. g3 Nb6 23. Rd1 Na4 {Strongly threatening ...bxa3.} 24. axb4 (24. Kc1 $11) 24... axb4 $17 25. Kc1 Qa5 $1 {[%mdl 1024] Black has strong compensation.} 26. f4 {With the idea f5.} Nc3 27. Rd6 {[#]} b3 $1 {And now ...Qa1+ would win.} 28. Bd3 {[#]} ({But not} 28. Qxc3 $2 Qxc3 29. Rd8+ (29. bxc3 $2 b2+ 30. Kd2 b1=Q $19) 29... Rxd8 $19) 28... Na2+ ({Black should play} 28... Ra8 $1 $17 {White must now prevent ...Qb4.} 29. Rxc6 Na2+ 30. Kd1 bxc2+ 31. Rxc2 Bb3) 29. Kd1 $11 {[#]} Nc3+ $1 {[%mdl 512]} 30. Kc1 $17 (30. bxc3 b2) 30... Na2+ 31. Kd1 Bg4+ ({Black should try} 31... h6 $15 32. f5 Nc3+ 33. Kc1 (33. bxc3 $2 b2 $19) 33... bxc2 34. Bxc2 Qa1+ 35. Kd2 Nb1+ 36. Bxb1 Qxb1) 32. Nxg4 $11 {The position is equal.} Nc3+ $1 33. Kc1 (33. bxc3 $2 b2 $19) 33... Na2+ 34. Kd1 Nc3+ $1 35. Kc1 ({Avoid the trap} 35. bxc3 $2 b2 $19) 35... Na2+ 36. Kd1 Nc3+ $1 {[%mdl 64] Promotion. Accuracy: White = 85%, Black = 80%.} 1/2-1/2

[Event "Elitserien Allsvenskan 2019-20"]
[Site "Lund"]
[Date "2020.02.02"]
[Round "4.10"]
[White "Lindgren, Philip"]
[Black "Christiansen, Johan-Sebastian"]
[Result "0-1"]
[WhiteElo "2356"]
[BlackElo "2600"]
[Annotator "TA"]
[PlyCount "70"]
[EventDate "2019.10.18"]
[EventType "team-tourn"]
[EventCountry "SWE"]
[SourceTitle "playchess.com"]
[Source "ChessBase"]
[SourceQuality "1"]

{[%evp 22,70,20,25,31,-22,-8,-17,-18,-23,-17,-10,-16,-77,-93,-83,-69,-120,-129,-126,-125,-161,-163,-157,-156,-154,-139,-206,-194,-200,-189,-264,-170,-170,-170,-170,-89,-236,-233,-495,-459,-454,-453,-438,-425,-1131,-1080,-1002,-980,-29990,-29991]} 1. Nf3 d5 2. d4 Nf6 3. c4 e6 4. g3 Be7 5. Bg2 O-O 6. O-O c6 7. Qc2 b6 8. Rd1 Bb7 9. Nc3 Nbd7 10. Bf4 Nh5 11. Bc1 Nhf6 12. b3 Ba6 {[#] E08: Closed Catalan: Main Line: 7 Qc2} 13. Ne5 $146 ({Better is} 13. e4 $14) ({Predecessor:} 13. e4 dxc4 14. e5 Nd5 15. bxc4 Bxc4 16. Ne4 b5 17. Neg5 g6 18. h4 Qe8 19. h5 h6 20. Ne4 g5 21. Re1 {1-0 (44) Abasov,N (2632)-Piorun,K (2660) Khanty-Mansiysk 2019}) 13... Nxe5 $11 14. dxe5 Ng4 {The position is equal.} 15. Bb2 Qb8 16. cxd5 cxd5 ({Much worse is} 16... exd5 17. Na4 $16) 17. Nxd5 (17. h3 $11 {remains equal.} Nxe5 18. e4) 17... exd5 $17 18. Bxd5 Bb7 {aiming for ...Bc5.} 19. Qe4 ({White should play} 19. h3 $1 $15 Nh6 20. e4) 19... Bxd5 20. Rxd5 Qc8 21. Rc1 {[#]} Qe6 $1 {...Nf6! is the strong threat.} 22. Rc4 Nh6 23. Rc7 Bc5 24. Kg2 (24. Bd4 $17) 24... Ng4 $19 25. Qf3 a5 26. e3 (26. h3 {was worth a try.} Nxf2 27. g4) 26... Rad8 27. Rxd8 Rxd8 28. h3 Nh6 (28... Nxe5 $19 29. Bxe5 Qxe5 30. Qxf7+ Kh8) 29. Qe4 (29. g4 $17) 29... Nf5 30. Rc6 $2 (30. Bc3) 30... Qd7 {Threatens to win with ...Nxe3+!} 31. e6 fxe6 32. Rxe6 {[#]} Nxe3+ $1 {[%mdl 512]} 33. Kh2 (33. fxe3 $142 Qd2+ {[%mdl 64] Double Attack} 34. Kf3 Rf8+ 35. Bf6) 33... Nf1+ {[%mdl 64] Discovered Attack} 34. Kg2 Rf8 35. Qc4 Rxf2+ {[%mdl 64] Double Attack. Accuracy: White = 38%, Black = 76%.} 0-1